|
|
|
|
| LEADER |
01406nam a22002777a 4500 |
| 001 |
40276 |
| 003 |
BD-DhAAL |
| 008 |
221221t2019 bg ||||| b||| 00| 0 ben d |
| 999 |
|
|
|c 45239
|d 45239
|
| 020 |
|
|
|a 9789845250863
|
| 040 |
|
|
|a BD-DhAAL
|c BD-DhAAL
|
| 041 |
|
|
|a ben
|
| 082 |
|
|
|a 891.44172
|2 23
|
| 245 |
|
|
|a শতবর্ষে সুভাষ মুখোপাধ্যায় :
|b বাংলাদেশের শ্রদ্ধাঞ্জলি /
|c সংকলন ও সম্পাদনা মতিউর রহমান.
|
| 246 |
|
|
|a Shotoborshe Subhash Mukhopadhyay :
|b Bangladesher sroddhanjoli
|
| 260 |
|
|
|a ঢাকা :
|b প্রথমা প্রকাশন,
|c ২০১৯.
|
| 300 |
|
|
|a ১২৭ পৃষ্ঠা ;
|c ১৯ সে.মি.
|
| 504 |
|
|
|a গ্রন্থপঞ্জিগত নির্দেশিকা অন্তর্ভুক্ত।
|
| 541 |
|
|
|a Donated By Akbar Ali Khan
|e 40276
|
| 600 |
|
|
|a Mukhopadhyay, Subhash,
|d 1919-2003.
|9 53099
|
| 650 |
|
|
|a Poets, Bengali
|y 20th century.
|9 53096
|
| 650 |
|
|
|a Bengali literature.
|9 53097
|
| 700 |
|
|
|a রহমান, মতিউর
|9 53098
|
| 852 |
|
|
|a Ayesha Abed Library
|c Akbar Ali Khan Collection
|
| 942 |
|
|
|2 ddc
|c BK
|
| 952 |
|
|
|0 0
|1 0
|2 ddc
|4 0
|6 891_441720000000000_SHO
|7 1
|9 72558
|a BRACUL
|b BRACUL
|c AAKC
|d 2022-12-21
|e Donated by Akbar Ali Khan
|g 260.00
|l 0
|o 891.44172 SHO
|p 3010040276
|r 2022-12-21
|t 1
|w 2022-12-21
|y BK
|